[Event "April 9 Early 2024"]
[Site "Chess.com"]
[Date "2024.04.09"]
[Round "10"]
[White "Navarrete Mendez, Gonzalo Alberto"]
[Black "Liu, Casper"]
[Result "1-0"]
[Board "77"]
[WhiteFideId "5106850"]
[BlackFideId "1454153"]
[WhiteTitle "FM"]
[BlackTitle "FM"]
[WhiteElo "2636"]
[BlackElo "2518"]
[WhiteTeam "MEX"]
[BlackTeam "DEN"]
[WhiteClock "0:02:35"]
[BlackClock "0:01:59"]
[Variant "Standard"]

1. e4 {[%clk 0:02:57]}  c6 {[%clk 0:03:00]} 2. d4 {[%clk 0:02:56]}  d5 {[%clk 0:03:00]} 3. Nc3 {[%clk 0:02:57]}  dxe4 {[%clk 0:03:00]} 4. Nxe4 {[%clk 0:02:58]}  Nf6 {[%clk 0:03:01]} 5. Nxf6+ {[%clk 0:02:57]}  exf6 {[%clk 0:03:02]} 6. c3 {[%clk 0:02:57]}  Bd6 {[%clk 0:03:02]} 7. Bd3 {[%clk 0:02:57]}  O-O {[%clk 0:03:03]} 8. Qc2 {[%clk 0:02:58]}  Re8+ {[%clk 0:03:04]} 9. Ne2 {[%clk 0:02:58]}  h5 {[%clk 0:03:04]} 10. O-O {[%clk 0:02:56]}  h4 {[%clk 0:03:04]} 11. Nf4 {[%clk 0:02:55]}  Nd7 {[%clk 0:03:04]} 12. Qd1 {[%clk 0:02:55]}  Qc7 {[%clk 0:02:58]} 13. g3 {[%clk 0:02:54]}  Nf8 {[%clk 0:02:54]} 14. Qh5 {[%clk 0:02:53]}  hxg3 {[%clk 0:02:53]} 15. hxg3 {[%clk 0:02:54]}  g6 {[%clk 0:02:34]} 16. Qh6 {[%clk 0:02:52]}  f5 {[%clk 0:02:25]} 17. Kg2 {[%clk 0:02:49]}  Qe7 {[%clk 0:02:05]} 18. Rh1 {[%clk 0:02:44]}  Qf6 {[%clk 0:01:59]} 19. Nh5 {[%clk 0:02:35]} 1-0

[Event "April 9 Early 2024"]
[Site "Chess.com"]
[Date "2024.04.09"]
[Round "10"]
[White "Slovineanu, Viacheslav"]
[Black "Souleidis, Georgios"]
[Result "1-0"]
[Board "78"]
[WhiteFideId "13900510"]
[BlackFideId "4206827"]
[WhiteTitle "IM"]
[BlackTitle "IM"]
[WhiteElo "2486"]
[BlackElo "2635"]
[WhiteTeam "MDA"]
[BlackTeam "GRE"]
[WhiteClock "0:00:16"]
[BlackClock "0:00:00"]
[Variant "Standard"]

1. d4 {[%clk 0:03:00]}  Nf6 {[%clk 0:02:59]} 2. Nf3 {[%clk 0:03:00]}  g6 {[%clk 0:02:59]} 3. Nbd2 {[%clk 0:02:58]}  d5 {[%clk 0:02:59]} 4. e3 {[%clk 0:02:58]}  Bg7 {[%clk 0:02:57]} 5. b4 {[%clk 0:02:59]}  O-O {[%clk 0:02:57]} 6. c4 {[%clk 0:02:59]}  c6 {[%clk 0:02:57]} 7. a4 {[%clk 0:02:58]}  Bg4 {[%clk 0:02:56]} 8. Bb2 {[%clk 0:02:56]}  a6 {[%clk 0:02:56]} 9. Be2 {[%clk 0:02:49]}  Nbd7 {[%clk 0:02:54]} 10. O-O {[%clk 0:02:44]}  e6 {[%clk 0:02:53]} 11. h3 {[%clk 0:02:40]}  Bxf3 {[%clk 0:02:53]} 12. Nxf3 {[%clk 0:02:37]}  Qe7 {[%clk 0:02:50]} 13. Qb3 {[%clk 0:02:36]}  Ne4 {[%clk 0:02:47]} 14. cxd5 {[%clk 0:02:25]}  cxd5 {[%clk 0:02:28]} 15. b5 {[%clk 0:02:25]}  Rfc8 {[%clk 0:02:17]} 16. Rfc1 {[%clk 0:02:19]}  a5 {[%clk 0:01:47]} 17. Ba3 {[%clk 0:01:57]}  Qd8 {[%clk 0:01:44]} 18. Qb2 {[%clk 0:01:38]}  Bf8 {[%clk 0:01:35]} 19. Rxc8 {[%clk 0:01:26]}  Rxc8 {[%clk 0:01:34]} 20. Rc1 {[%clk 0:01:26]}  Rxc1+ {[%clk 0:01:24]} 21. Qxc1 {[%clk 0:01:26]}  Bxa3 {[%clk 0:01:24]} 22. Qxa3 {[%clk 0:01:26]}  Nb6 {[%clk 0:01:22]} 23. Ne5 {[%clk 0:01:20]}  Qd6 {[%clk 0:01:09]} 24. Qc1 {[%clk 0:01:19]}  Kg7 {[%clk 0:00:39]} 25. f3 {[%clk 0:01:12]}  Nf6 {[%clk 0:00:39]} 26. Qc2 {[%clk 0:00:54]}  h5 {[%clk 0:00:22]} 27. Nd3 {[%clk 0:00:49]}  Nc4 {[%clk 0:00:19]} 28. Kf2 {[%clk 0:00:40]}  b6 {[%clk 0:00:18]} 29. Qc3 {[%clk 0:00:30]}  g5 {[%clk 0:00:16]} 30. Ne5 {[%clk 0:00:30]}  Qa3 {[%clk 0:00:05]} 31. Qxa3 {[%clk 0:00:24]}  Nxa3 {[%clk 0:00:06]} 32. Bd3 {[%clk 0:00:24]}  h4 {[%clk 0:00:05]} 33. Ke2 {[%clk 0:00:24]}  Kg8 {[%clk 0:00:05]} 34. Kd2 {[%clk 0:00:24]}  Ne8 {[%clk 0:00:03]} 35. Kc3 {[%clk 0:00:23]}  Nd6 {[%clk 0:00:03]} 36. Kb3 {[%clk 0:00:22]}  f6 {[%clk 0:00:03]} 37. Kxa3 {[%clk 0:00:20]}  fxe5 {[%clk 0:00:03]} 38. dxe5 {[%clk 0:00:20]}  Nf7 {[%clk 0:00:03]} 39. f4 {[%clk 0:00:20]}  gxf4 {[%clk 0:00:04]} 40. exf4 {[%clk 0:00:21]}  Kg7 {[%clk 0:00:03]} 41. Kb3 {[%clk 0:00:20]}  Kh6 {[%clk 0:00:03]} 42. Kc3 {[%clk 0:00:21]}  Nd8 {[%clk 0:00:04]} 43. Kd4 {[%clk 0:00:21]}  Nb7 {[%clk 0:00:03]} 44. f5 {[%clk 0:00:17]}  exf5 {[%clk 0:00:04]} 45. Kxd5 {[%clk 0:00:15]}  Nc5 {[%clk 0:00:05]} 46. Bxf5 {[%clk 0:00:15]}  Nxa4 {[%clk 0:00:05]} 47. e6 {[%clk 0:00:16]}  Kg7 {[%clk 0:00:05]} 48. e7 {[%clk 0:00:16]}  Kf7 {[%clk 0:00:04]} 49. Kd6 {[%clk 0:00:16]}  Nc5 {[%clk 0:00:00]} 50. Bg6+ {[%clk 0:00:16]} 1-0

[Event "April 9 Early 2024"]
[Site "Chess.com"]
[Date "2024.04.09"]
[Round "10"]
[White "Barria Zuniga, Daniel"]
[Black "Kushch, Nikolai"]
[Result "1-0"]
[Board "79"]
[WhiteFideId "3400816"]
[BlackFideId "14101092"]
[WhiteTitle "IM"]
[BlackTitle "IM"]
[WhiteElo "2634"]
[BlackElo "2481"]
[WhiteTeam "CHI"]
[BlackTeam "UKR"]
[WhiteClock "0:00:15"]
[BlackClock "0:00:19"]
[Variant "Standard"]

1. d4 {[%clk 0:03:00]}  Nf6 {[%clk 0:02:59]} 2. c4 {[%clk 0:03:00]}  e6 {[%clk 0:02:59]} 3. Nf3 {[%clk 0:03:01]}  b6 {[%clk 0:02:57]} 4. g3 {[%clk 0:03:00]}  Bb7 {[%clk 0:02:57]} 5. Bg2 {[%clk 0:03:00]}  Be7 {[%clk 0:02:57]} 6. Nc3 {[%clk 0:03:00]}  O-O {[%clk 0:02:56]} 7. Qc2 {[%clk 0:03:00]}  d5 {[%clk 0:02:54]} 8. cxd5 {[%clk 0:03:01]}  exd5 {[%clk 0:02:54]} 9. O-O {[%clk 0:03:01]}  c5 {[%clk 0:02:52]} 10. Rd1 {[%clk 0:03:02]}  h6 {[%clk 0:02:50]} 11. Bf4 {[%clk 0:03:00]}  Nbd7 {[%clk 0:02:46]} 12. dxc5 {[%clk 0:02:32]}  Nxc5 {[%clk 0:02:39]} 13. Nd4 {[%clk 0:02:29]}  Re8 {[%clk 0:02:34]} 14. Ndb5 {[%clk 0:02:21]}  Ne6 {[%clk 0:02:33]} 15. Be5 {[%clk 0:02:13]}  a6 {[%clk 0:02:30]} 16. Bxf6 {[%clk 0:02:08]}  Bxf6 {[%clk 0:02:28]} 17. Bxd5 {[%clk 0:02:03]}  Bxd5 {[%clk 0:02:24]} 18. Rxd5 {[%clk 0:02:04]}  Qe7 {[%clk 0:02:18]} 19. Nd6 {[%clk 0:02:03]}  Red8 {[%clk 0:02:15]} 20. Rad1 {[%clk 0:02:03]}  Nc5 {[%clk 0:01:59]} 21. b4 {[%clk 0:01:27]}  Ne6 {[%clk 0:01:47]} 22. Nce4 {[%clk 0:01:20]}  Ng5 {[%clk 0:01:26]} 23. Nxg5 {[%clk 0:01:05]}  hxg5 {[%clk 0:01:24]} 24. e4 {[%clk 0:00:57]}  b5 {[%clk 0:01:20]} 25. Kg2 {[%clk 0:00:54]}  g6 {[%clk 0:01:12]} 26. a3 {[%clk 0:00:53]}  Bg7 {[%clk 0:01:09]} 27. Qd3 {[%clk 0:00:49]}  Qe6 {[%clk 0:00:54]} 28. h3 {[%clk 0:00:44]}  Bf6 {[%clk 0:00:49]} 29. Nb7 {[%clk 0:00:35]}  Re8 {[%clk 0:00:45]} 30. Nc5 {[%clk 0:00:31]}  Qe7 {[%clk 0:00:42]} 31. Rd7 {[%clk 0:00:30]}  Qf8 {[%clk 0:00:42]} 32. Qf3 {[%clk 0:00:26]}  Qg7 {[%clk 0:00:41]} 33. R1d6 {[%clk 0:00:21]}  Be5 {[%clk 0:00:40]} 34. Rxa6 {[%clk 0:00:21]}  Rxa6 {[%clk 0:00:38]} 35. Nxa6 {[%clk 0:00:22]}  Ra8 {[%clk 0:00:38]} 36. Nc5 {[%clk 0:00:22]}  Bc3 {[%clk 0:00:33]} 37. Rd3 {[%clk 0:00:18]}  Be5 {[%clk 0:00:31]} 38. Nd7 {[%clk 0:00:17]}  Bd4 {[%clk 0:00:29]} 39. e5 {[%clk 0:00:16]}  Rd8 {[%clk 0:00:19]} 40. Rxd4 {[%clk 0:00:15]} 1-0

[Event "April 9 Early 2024"]
[Site "Chess.com"]
[Date "2024.04.09"]
[Round "10"]
[White "Shapiro, Viktor"]
[Black "Bogaudinov, Rushan"]
[Result "1/2-1/2"]
[Board "82"]
[WhiteFideId "4175700"]
[BlackFideId "4129288"]
[WhiteTitle "FM"]
[BlackTitle "FM"]
[WhiteElo "2625"]
[BlackElo "2474"]
[WhiteTeam "RUS"]
[BlackTeam "RUS"]
[WhiteClock "0:00:10"]
[BlackClock "0:00:09"]
[Variant "Standard"]

1. c4 {[%clk 0:03:00]}  Nf6 {[%clk 0:02:57]} 2. Nc3 {[%clk 0:03:01]}  e5 {[%clk 0:02:57]} 3. g3 {[%clk 0:03:01]}  g6 {[%clk 0:02:57]} 4. Bg2 {[%clk 0:03:01]}  Bg7 {[%clk 0:02:58]} 5. Nf3 {[%clk 0:03:01]}  Nc6 {[%clk 0:02:57]} 6. O-O {[%clk 0:03:01]}  O-O {[%clk 0:02:56]} 7. d3 {[%clk 0:03:01]}  d6 {[%clk 0:02:53]} 8. Rb1 {[%clk 0:03:01]}  a5 {[%clk 0:02:53]} 9. a3 {[%clk 0:03:01]}  Bg4 {[%clk 0:02:52]} 10. h3 {[%clk 0:03:01]}  Bxf3 {[%clk 0:02:46]} 11. Bxf3 {[%clk 0:03:01]}  Rb8 {[%clk 0:02:46]} 12. b4 {[%clk 0:03:00]}  axb4 {[%clk 0:02:46]} 13. axb4 {[%clk 0:03:01]}  Re8 {[%clk 0:02:40]} 14. b5 {[%clk 0:03:00]}  Nd4 {[%clk 0:02:40]} 15. Bg2 {[%clk 0:03:00]}  Nd7 {[%clk 0:02:33]} 16. e3 {[%clk 0:02:59]}  Ne6 {[%clk 0:02:32]} 17. h4 {[%clk 0:02:56]}  h5 {[%clk 0:02:24]} 18. Nd5 {[%clk 0:02:50]}  Nec5 {[%clk 0:02:06]} 19. Ba3 {[%clk 0:02:46]}  Ra8 {[%clk 0:01:39]} 20. Bb4 {[%clk 0:02:43]}  Ra2 {[%clk 0:01:29]} 21. Nc3 {[%clk 0:02:31]}  Ra7 {[%clk 0:01:29]} 22. d4 {[%clk 0:02:25]}  exd4 {[%clk 0:01:27]} 23. exd4 {[%clk 0:02:26]}  Ne6 {[%clk 0:01:25]} 24. Ne2 {[%clk 0:02:25]}  Nf6 {[%clk 0:01:23]} 25. Bc3 {[%clk 0:02:21]}  Ng4 {[%clk 0:01:22]} 26. Ra1 {[%clk 0:02:07]}  Qa8 {[%clk 0:01:10]} 27. Qd2 {[%clk 0:01:54]}  Nd8 {[%clk 0:01:01]} 28. Rxa7 {[%clk 0:01:50]}  Qxa7 {[%clk 0:01:02]} 29. Ra1 {[%clk 0:01:50]}  Qb8 {[%clk 0:01:00]} 30. Nf4 {[%clk 0:01:47]}  c6 {[%clk 0:00:57]} 31. b6 {[%clk 0:01:42]}  Ne6 {[%clk 0:00:51]} 32. Nxe6 {[%clk 0:01:41]}  Rxe6 {[%clk 0:00:51]} 33. d5 {[%clk 0:01:41]}  Bxc3 {[%clk 0:00:48]} 34. Qxc3 {[%clk 0:01:40]}  Re5 {[%clk 0:00:40]} 35. dxc6 {[%clk 0:01:21]}  bxc6 {[%clk 0:00:38]} 36. Rb1 {[%clk 0:01:19]}  Rc5 {[%clk 0:00:35]} 37. b7 {[%clk 0:01:16]}  Ne5 {[%clk 0:00:34]} 38. Qa3 {[%clk 0:01:10]}  Nd7 {[%clk 0:00:28]} 39. Qa6 {[%clk 0:01:00]}  Qc7 {[%clk 0:00:26]} 40. b8=Q+ {[%clk 0:00:53]}  Nxb8 {[%clk 0:00:25]} 41. Qa8 {[%clk 0:00:53]}  Rxc4 {[%clk 0:00:23]} 42. Qxb8+ {[%clk 0:00:53]}  Qxb8 {[%clk 0:00:23]} 43. Rxb8+ {[%clk 0:00:53]}  Kg7 {[%clk 0:00:24]} 44. Rc8 {[%clk 0:00:53]}  d5 {[%clk 0:00:24]} 45. Bf1 {[%clk 0:00:47]}  Rc1 {[%clk 0:00:23]} 46. Kg2 {[%clk 0:00:47]}  Kf6 {[%clk 0:00:21]} 47. Bb5 {[%clk 0:00:46]}  c5 {[%clk 0:00:21]} 48. Rc7 {[%clk 0:00:43]}  Ke6 {[%clk 0:00:20]} 49. Be8 {[%clk 0:00:42]}  f6 {[%clk 0:00:19]} 50. Bxg6 {[%clk 0:00:41]}  c4 {[%clk 0:00:19]} 51. Bxh5 {[%clk 0:00:41]}  d4 {[%clk 0:00:19]} 52. Be2 {[%clk 0:00:40]}  c3 {[%clk 0:00:18]} 53. Kf3 {[%clk 0:00:37]}  Rc2 {[%clk 0:00:16]} 54. h5 {[%clk 0:00:34]}  Rd2 {[%clk 0:00:16]} 55. h6 {[%clk 0:00:21]}  d3 {[%clk 0:00:16]} 56. Rxc3 {[%clk 0:00:17]}  dxe2 {[%clk 0:00:15]} 57. Re3+ {[%clk 0:00:17]}  Kf7 {[%clk 0:00:16]} 58. Rxe2 {[%clk 0:00:16]}  Rd5 {[%clk 0:00:15]} 59. Re4 {[%clk 0:00:15]}  Kg6 {[%clk 0:00:15]} 60. Rh4 {[%clk 0:00:15]}  Kh7 {[%clk 0:00:14]} 61. Kg2 {[%clk 0:00:14]}  Rf5 {[%clk 0:00:12]} 62. f4 {[%clk 0:00:14]}  Rd5 {[%clk 0:00:12]} 63. g4 {[%clk 0:00:14]}  Rd3 {[%clk 0:00:12]} 64. f5 {[%clk 0:00:14]}  Rc3 {[%clk 0:00:12]} 65. Rh3 {[%clk 0:00:13]}  Rc4 {[%clk 0:00:11]} 66. Kg3 {[%clk 0:00:13]}  Rb4 {[%clk 0:00:11]} 67. Kh4 {[%clk 0:00:13]}  Kxh6 {[%clk 0:00:11]} 68. Re3 {[%clk 0:00:13]}  Rb7 {[%clk 0:00:08]} 69. Re6 {[%clk 0:00:13]}  Rf7 {[%clk 0:00:08]} 70. g5+ {[%clk 0:00:13]}  Kg7 {[%clk 0:00:09]} 71. g6 {[%clk 0:00:11]}  Rc7 {[%clk 0:00:08]} 72. Kh5 {[%clk 0:00:11]}  Ra7 {[%clk 0:00:08]} 73. Rc6 {[%clk 0:00:11]}  Rb7 {[%clk 0:00:08]} 74. Re6 {[%clk 0:00:09]}  Ra7 {[%clk 0:00:09]} 75. Kg4 {[%clk 0:00:09]}  Ra4+ {[%clk 0:00:09]} 76. Kf3 {[%clk 0:00:10]}  Ra5 {[%clk 0:00:09]} 77. Kf4 {[%clk 0:00:10]}  Ra4+ {[%clk 0:00:09]} 78. Re4 {[%clk 0:00:10]}  Ra7 {[%clk 0:00:09]} 79. Kf3 {[%clk 0:00:09]}  Kh6 {[%clk 0:00:08]} 80. Rh4+ {[%clk 0:00:09]}  Kg5 {[%clk 0:00:08]} 81. Rh7 {[%clk 0:00:09]}  Ra8 {[%clk 0:00:07]} 82. Ke4 {[%clk 0:00:09]}  Re8+ {[%clk 0:00:07]} 83. Kd4 {[%clk 0:00:08]}  Kxf5 {[%clk 0:00:08]} 84. g7 {[%clk 0:00:08]}  Rd8+ {[%clk 0:00:07]} 85. Kc5 {[%clk 0:00:08]}  Rg8 {[%clk 0:00:08]} 86. Kd6 {[%clk 0:00:07]}  Kg6 {[%clk 0:00:08]} 87. Rh1 {[%clk 0:00:06]}  Rxg7 {[%clk 0:00:08]} 88. Ke6 {[%clk 0:00:07]}  Ra7 {[%clk 0:00:07]} 89. Rg1+ {[%clk 0:00:07]}  Kh5 {[%clk 0:00:07]} 90. Kxf6 {[%clk 0:00:07]}  Ra6+ {[%clk 0:00:07]} 91. Ke5 {[%clk 0:00:08]}  Ra5+ {[%clk 0:00:08]} 92. Kf4 {[%clk 0:00:08]}  Ra4+ {[%clk 0:00:08]} 93. Kf5 {[%clk 0:00:08]}  Ra5+ {[%clk 0:00:08]} 94. Kf4 {[%clk 0:00:09]}  Ra4+ {[%clk 0:00:09]} 95. Kf5 {[%clk 0:00:09]}  Ra5+ {[%clk 0:00:09]} 96. Kf4 {[%clk 0:00:10]} 1/2-1/2

[Event "April 9 Early 2024"]
[Site "Chess.com"]
[Date "2024.04.09"]
[Round "10"]
[White "Rego, Vinicius V. de Almeida"]
[Black "Novoselov, Roman"]
[Result "1-0"]
[Board "87"]
[WhiteFideId "2106485"]
[BlackFideId "4135067"]
[WhiteTitle "FM"]
[BlackTitle "FM"]
[WhiteElo "2419"]
[BlackElo "2610"]
[WhiteTeam "BRA"]
[BlackTeam "RUS"]
[WhiteClock "0:01:18"]
[BlackClock "0:00:00"]
[Variant "Standard"]

1. e4 {[%clk 0:03:00]}  d5 {[%clk 0:02:39]} 2. exd5 {[%clk 0:03:00]}  Qxd5 {[%clk 0:02:40]} 3. Nc3 {[%clk 0:03:00]}  Qd6 {[%clk 0:02:41]} 4. Nf3 {[%clk 0:03:00]}  Nf6 {[%clk 0:02:41]} 5. d4 {[%clk 0:02:58]}  c6 {[%clk 0:02:42]} 6. Ne5 {[%clk 0:02:57]}  Nbd7 {[%clk 0:02:41]} 7. Nc4 {[%clk 0:02:58]}  Qc7 {[%clk 0:02:41]} 8. g3 {[%clk 0:02:56]}  Nb6 {[%clk 0:02:41]} 9. Bf4 {[%clk 0:02:55]}  Qd8 {[%clk 0:02:41]} 10. Ne5 {[%clk 0:02:40]}  Be6 {[%clk 0:02:38]} 11. Bg2 {[%clk 0:02:34]}  g6 {[%clk 0:02:30]} 12. h4 {[%clk 0:02:27]}  h5 {[%clk 0:02:19]} 13. Qd2 {[%clk 0:02:25]}  Bg7 {[%clk 0:02:16]} 14. Nf3 {[%clk 0:02:11]}  Nc4 {[%clk 0:02:07]} 15. Qc1 {[%clk 0:02:09]}  Nd5 {[%clk 0:01:51]} 16. Nxd5 {[%clk 0:02:04]}  Bxd5 {[%clk 0:01:45]} 17. c3 {[%clk 0:02:04]}  e5 {[%clk 0:01:15]} 18. dxe5 {[%clk 0:02:03]}  Bxf3 {[%clk 0:01:13]} 19. Bxf3 {[%clk 0:02:02]}  Qd3 {[%clk 0:01:13]} 20. Be2 {[%clk 0:01:55]}  Qd5 {[%clk 0:00:45]} 21. O-O {[%clk 0:01:50]}  Nxe5 {[%clk 0:00:46]} 22. Rd1 {[%clk 0:01:32]}  Qe4 {[%clk 0:00:33]} 23. Re1 {[%clk 0:01:23]}  O-O-O {[%clk 0:00:11]} 24. Bg4+ {[%clk 0:01:19]}  hxg4 {[%clk 0:00:09]} 25. Rxe4 {[%clk 0:01:18]}  Nd3 {[%clk 0:00:10]} 26. Qe3 {[%clk 0:01:18]}  f5 {[%clk 0:00:11]} 27. Re7 {[%clk 0:01:17]}  Nxf4 {[%clk 0:00:00]} 28. Qxf4 {[%clk 0:01:18]} 1-0

[Event "April 9 Early 2024"]
[Site "Chess.com"]
[Date "2024.04.09"]
[Round "10"]
[White "Palencia Morales, Wilson Guillermo"]
[Black "Lai, Hong Jun"]
[Result "1-0"]
[Board "90"]
[WhiteFideId "4401859"]
[BlackFideId "5729165"]
[WhiteTitle "IM"]
[BlackTitle "CM"]
[WhiteElo "2598"]
[BlackElo "2393"]
[WhiteTeam "COL"]
[BlackTeam "MAS"]
[WhiteClock "0:00:47"]
[BlackClock "0:00:02"]
[Variant "Standard"]

1. d4 {[%clk 0:03:00]}  d5 {[%clk 0:02:59]} 2. c4 {[%clk 0:03:00]}  c6 {[%clk 0:02:59]} 3. Nf3 {[%clk 0:02:59]}  Nf6 {[%clk 0:03:00]} 4. Nc3 {[%clk 0:02:59]}  dxc4 {[%clk 0:03:00]} 5. a4 {[%clk 0:02:58]}  Bf5 {[%clk 0:02:59]} 6. Ne5 {[%clk 0:02:57]}  e6 {[%clk 0:02:51]} 7. f3 {[%clk 0:02:57]}  Bb4 {[%clk 0:02:51]} 8. Nxc4 {[%clk 0:02:40]}  Nd5 {[%clk 0:02:33]} 9. Bd2 {[%clk 0:02:38]}  Qh4+ {[%clk 0:02:20]} 10. g3 {[%clk 0:02:26]}  Qxd4 {[%clk 0:02:20]} 11. Nxd5 {[%clk 0:02:21]}  Bxd2+ {[%clk 0:01:35]} 12. Qxd2 {[%clk 0:02:17]}  Qxd2+ {[%clk 0:01:35]} 13. Kxd2 {[%clk 0:02:16]}  cxd5 {[%clk 0:01:36]} 14. Nd6+ {[%clk 0:02:16]}  Kd7 {[%clk 0:01:36]} 15. Nxb7 {[%clk 0:02:17]}  Na6 {[%clk 0:01:36]} 16. e4 {[%clk 0:02:16]}  dxe4 {[%clk 0:00:52]} 17. Bxa6 {[%clk 0:02:13]}  exf3 {[%clk 0:00:51]} 18. Ke3 {[%clk 0:02:13]}  Rhc8 {[%clk 0:00:38]} 19. Rhc1 {[%clk 0:02:03]}  Rc2 {[%clk 0:00:30]} 20. Rxc2 {[%clk 0:01:52]}  Bxc2 {[%clk 0:00:31]} 21. Bb5+ {[%clk 0:01:52]}  Ke7 {[%clk 0:00:30]} 22. Rc1 {[%clk 0:01:40]}  Bb3 {[%clk 0:00:30]} 23. Na5 {[%clk 0:01:37]}  Bd5 {[%clk 0:00:29]} 24. Rc7+ {[%clk 0:01:31]}  Kf6 {[%clk 0:00:28]} 25. Bc6 {[%clk 0:01:24]}  Rb8 {[%clk 0:00:22]} 26. Bxd5 {[%clk 0:01:23]}  exd5 {[%clk 0:00:22]} 27. Rb7 {[%clk 0:01:23]}  Rc8 {[%clk 0:00:11]} 28. Kxf3 {[%clk 0:01:21]}  Rc2 {[%clk 0:00:12]} 29. h4 {[%clk 0:01:21]}  Ke5 {[%clk 0:00:07]} 30. Rb4 {[%clk 0:01:02]}  d4 {[%clk 0:00:06]} 31. Nc4+ {[%clk 0:01:00]}  Kd5 {[%clk 0:00:06]} 32. Na3 {[%clk 0:01:00]}  Rc1 {[%clk 0:00:04]} 33. Nb5 {[%clk 0:00:59]}  d3 {[%clk 0:00:04]} 34. Rd4+ {[%clk 0:00:59]}  Kc5 {[%clk 0:00:05]} 35. Rxd3 {[%clk 0:00:59]}  Kb4 {[%clk 0:00:03]} 36. b3 {[%clk 0:00:57]}  a6 {[%clk 0:00:03]} 37. Nd6 {[%clk 0:00:57]}  Rf1+ {[%clk 0:00:02]} 38. Kg2 {[%clk 0:00:57]}  Rf6 {[%clk 0:00:03]} 39. Ne4 {[%clk 0:00:57]}  Re6 {[%clk 0:00:03]} 40. Ng5 {[%clk 0:00:57]}  Re7 {[%clk 0:00:04]} 41. Nf3 {[%clk 0:00:51]}  f6 {[%clk 0:00:04]} 42. Kf2 {[%clk 0:00:52]}  g6 {[%clk 0:00:05]} 43. Nd2 {[%clk 0:00:52]}  Re6 {[%clk 0:00:05]} 44. Kf3 {[%clk 0:00:52]}  Kc5 {[%clk 0:00:05]} 45. Ne4+ {[%clk 0:00:52]}  Kb4 {[%clk 0:00:05]} 46. g4 {[%clk 0:00:49]}  Rc6 {[%clk 0:00:05]} 47. g5 {[%clk 0:00:49]}  f5 {[%clk 0:00:05]} 48. Nf6 {[%clk 0:00:49]}  h6 {[%clk 0:00:06]} 49. Nd5+ {[%clk 0:00:48]}  Ka3 {[%clk 0:00:04]} 50. gxh6 {[%clk 0:00:47]}  Rc8 {[%clk 0:00:03]} 51. h7 {[%clk 0:00:47]}  Rh8 {[%clk 0:00:03]} 52. Nf6 {[%clk 0:00:47]}  Kb4 {[%clk 0:00:02]} 53. Kf4 {[%clk 0:00:47]} 1-0

[Event "April 9 Early 2024"]
[Site "Chess.com"]
[Date "2024.04.09"]
[Round "10"]
[White "Gokhale Rishabh Chandrashekhar"]
[Black "Osmonbekov, Talaibek"]
[Result "0-1"]
[Board "91"]
[WhiteFideId "35007416"]
[BlackFideId "2017253"]
[WhiteElo "2585"]
[BlackElo "2372"]
[WhiteTeam "IND"]
[BlackTeam "USA"]
[WhiteClock "0:01:14"]
[BlackClock "0:01:22"]
[Variant "Standard"]

1. c4 {[%clk 0:02:53]}  e5 {[%clk 0:02:58]} 2. g3 {[%clk 0:02:53]}  d6 {[%clk 0:02:59]} 3. Bg2 {[%clk 0:02:53]}  f5 {[%clk 0:02:59]} 4. Nf3 {[%clk 0:02:54]}  Nf6 {[%clk 0:03:00]} 5. O-O {[%clk 0:02:54]}  Be7 {[%clk 0:03:00]} 6. d3 {[%clk 0:02:55]}  O-O {[%clk 0:03:00]} 7. Nc3 {[%clk 0:02:55]}  Kh8 {[%clk 0:03:00]} 8. Rb1 {[%clk 0:02:56]}  Qe8 {[%clk 0:02:59]} 9. b4 {[%clk 0:02:54]}  Qh5 {[%clk 0:02:58]} 10. h3 {[%clk 0:02:50]}  f4 {[%clk 0:02:44]} 11. g4 {[%clk 0:02:47]}  Bxg4 {[%clk 0:02:42]} 12. hxg4 {[%clk 0:02:48]}  Nxg4 {[%clk 0:02:42]} 13. Ne4 {[%clk 0:02:21]}  Nc6 {[%clk 0:02:40]} 14. e3 {[%clk 0:02:15]}  Bh4 {[%clk 0:02:07]} 15. b5 {[%clk 0:02:05]}  Ne7 {[%clk 0:02:05]} 16. Nh2 {[%clk 0:01:56]}  Bxf2+ {[%clk 0:01:51]} 17. Rxf2 {[%clk 0:01:56]}  Qxh2+ {[%clk 0:01:51]} 18. Kf1 {[%clk 0:01:56]}  Nxf2 {[%clk 0:01:41]} 19. Nxf2 {[%clk 0:01:55]}  Nf5 {[%clk 0:01:37]} 20. Qf3 {[%clk 0:01:21]}  Ng3+ {[%clk 0:01:36]} 21. Ke1 {[%clk 0:01:19]}  fxe3 {[%clk 0:01:34]} 22. Bxe3 {[%clk 0:01:14]}  Rxf3 {[%clk 0:01:29]} 23. Bxf3 {[%clk 0:01:14]}  Rf8 {[%clk 0:01:22]} 0-1